Podnik v kríze - analýza krízového manažmentu 2 diplomová práca

Gespeichert in:
Bibliographische Detailangaben
1. Verfasser: Satková, Lujza
Körperschaft: Fakulta podnikového manažmentu EU. Katedra manažmentu
Weitere Verfasser: Grznár, Miroslav
Format: Buch
Sprache:Slowakisch
Veröffentlicht: Bratislava 2011
Tags: Tag hinzufügen
Keine Tags, Fügen Sie das erste Tag hinzu!

MARC

LEADER 00000nbm a2200000 4500
001 0131563
005 20161109101714.5
041 0 |a slo 
044 |a SK 
245 1 0 |a Podnik v kríze - analýza krízového manažmentu 2  |b diplomová práca  |c Lujza Satková ; školiteľ: Miroslav Grznár 
264 1 |a Bratislava  |c 2011 
300 |a 74 s. 
100 1 |a Satková, Lujza 
700 1 |a Grznár, Miroslav 
710 2 |a Fakulta podnikového manažmentu EU. Katedra manažmentu